[Event "World Rapid 2023"]
[Site "Samarkand UZB"]
[Date "2023.12.26"]
[EventDate "2023.12.26"]
[Round "3.39"]
[Result "1-0"]
[White "Jakhongir Vakhidov"]
[Black "Daniyal Sapenov"]
[WhiteElo "2527"]
[BlackElo "2312"]
[PlyCount "146"]

1. c4 e5 2. Nc3 Nf6 3. Nf3 e4 4. Ng5 c6 5. Ngxe4 Nxe4 6. Nxe4 d5 7. cxd5
cxd5 8. Ng3 h5 9. e3 h4 10. Ne2 Nc6 11. d4 Bd6 12. Nc3 Qf6 13. f3 Be6 14.
Bd3 O-O-O 15. f4 Bc7 16. Qf3 Kb8 17. Bd2 Bf5 18. Bxf5 Qxf5 19. O-O Ba5 20.
Rac1 h3 21. g3 Rhe8 22. a3 Qd3 23. Rcd1 Qc2 24. b4 Bb6 25. Qf2 f5 26. Rc1
Qb3 27. Nb1 Qd3 28. Rc3 Qb5 29. Re1 Re7 30. Qf1 Nxd4 31. exd4 Bxd4+ 32.
Rce3 Qc6 33. b5 Qb6 34. Qd3 Bxe3+ 35. Rxe3 Rxe3 36. Bxe3 d4 37. Bf2 Qc5 38.
Nd2 Qc1+ 39. Nf1 g6 40. Bxd4 Ka8 41. Qc3 Qd1 42. Bf2 Qd5 43. Ne3 Qf3 44.
Qe1 Rd3 45. Qc1 Kb8 46. Qa1 Rd8 47. Qf1 Rd7 48. Qxh3 b6 49. Qh8+ Kb7 50.
Qc3 Rc7 51. Qd2 Rc5 52. a4 Kc7 53. Nf1 Rc4 54. a5 Qe4 55. axb6+ axb6 56.
Qa2 Rc2 57. Qa7+ Kc8 58. Qxb6 Rc1 59. Qa6+ Kd7 60. b6 Rb1 61. h4 Ke7 62.
Qa3+ Kf7 63. Qa2+ Kg7 64. Qd2 Kh7 65. Qd7+ Kg8 66. Qd8+ Kh7 67. Bd4 Rxf1+
68. Kxf1 Qd3+ 69. Ke1 Qxg3+ 70. Ke2 Qg4+ 71. Kd3 Qd1+ 72. Kc4 Qc2+ 73. Kd5
Qe4+ 1-0

[Event "World Rapid 2023"]
[Site "Samarkand UZB"]
[Date "2023.12.26"]
[EventDate "2023.12.26"]
[Round "3.40"]
[Result "1/2-1/2"]
[White "Faustino Oro"]
[Black "Shamsiddin Vokhidov"]
[WhiteElo "2150"]
[BlackElo "2527"]
[PlyCount "60"]

1. d4 Nf6 2. Nf3 d5 3. c4 e6 4. g3 dxc4 5. Bg2 Bb4+ 6. Bd2 a5 7. O-O O-O 8.
Qc2 Bxd2 9. Nbxd2 b5 10. b3 cxb3 11. axb3 Bb7 12. Rfc1 c6 13. e3 Na6 14.
Ne5 Nb4 15. Qd1 Qe7 16. Nxc6 Bxc6 17. Bxc6 Nxc6 18. Rxc6 e5 19. dxe5 Qxe5
20. Nf3 Qe4 21. Nd4 Nd5 22. Qc2 Qxc2 23. Rxc2 a4 24. Rc5 axb3 25. Rxa8 Rxa8
26. Nxb3 Nf6 27. Rxb5 g6 28. Kg2 Ra2 29. Nc1 Rc2 30. Nd3 Ng4 1/2-1/2

[Event "World Rapid 2023"]
[Site "Samarkand UZB"]
[Date "2023.12.26"]
[EventDate "2023.12.26"]
[Round "3.41"]
[Result "1/2-1/2"]
[White "Vahap Sanal"]
[Black "Lev Zverev"]
[WhiteElo "2547"]
[BlackElo "2257"]
[PlyCount "214"]

1. e4 e5 2. Nf3 Nc6 3. Bb5 a6 4. Ba4 Nf6 5. O-O b5 6. Bb3 Bc5 7. Nc3 d6 8.
Nd5 O-O 9. d3 h6 10. c3 Rb8 11. h3 Nxd5 12. exd5 Ne7 13. d4 exd4 14. Nxd4
Bb7 15. Ne2 Ng6 16. Ng3 Ne5 17. Qh5 Qf6 18. Ne4 Qg6 19. Qxg6 Nxg6 20. Nxc5
dxc5 21. c4 bxc4 22. Bxc4 Ne7 23. Be3 Bxd5 24. Bxd5 Nxd5 25. Bxc5 Rfe8 26.
Rfd1 c6 27. Rd2 Re6 28. Rc1 f5 29. b3 Kf7 30. Rdc2 g5 31. Kf1 h5 32. Ba3
Rb6 33. Re2 Rxe2 34. Kxe2 g4 35. hxg4 hxg4 36. Rc4 Ke6 37. Kd3 a5 38. Kd4
Nb4 39. Bxb4 axb4 40. Kc5 Rb5+ 41. Kxc6 Ra5 42. Rc2 f4 43. Kb6 Ra8 44. Kb5
Rb8+ 45. Ka4 Ke5 46. Rc5+ Kf6 47. a3 bxa3 48. Kxa3 Rh8 49. Rc4 Ke5 50. g3
f3 51. b4 Kd5 52. Kb3 Rh1 53. Rc2 Rb1+ 54. Kc3 Ra1 55. Rd2+ Kc6 56. Kd4 Re1
57. Kc4 Rc1+ 58. Kb3 Kb5 59. Rd5+ Kc6 60. Rd4 Rf1 61. Rd2 Kb5 62. Rb2 Re1
63. Kc3 Rd1 64. Rc2 Re1 65. Rd2 Rc1+ 66. Kd4 Rc4+ 67. Ke5 Kxb4 68. Rd3 Kc5
69. Kf5 Ra4 70. Rd2 Rb4 71. Rd1 Ra4 72. Ke5 Rc4 73. Rd2 Kb4 74. Rd3 Rc2 75.
Kf5 Rc4 76. Rd8 Kc3 77. Ke5 Ra4 78. Kf5 Rb4 79. Kg5 Ra4 80. Kh4 Rb4 81. Rf8
Kd3 82. Rf4 Rb8 83. Ra4 Rg8 84. Ra2 Ke4 85. Ra7 Kd3 86. Re7 Kd2 87. Re3 Kd1
88. Kh5 Kd2 89. Kh6 Kd1 90. Re5 Rd8 91. Kg5 Rd4 92. Kf5 Kd2 93. Re3 Kd1 94.
Ke5 Rd2 95. Kf5 Rd4 96. Ke5 Rd2 97. Kf5 Rd4 98. Re8 Kd2 99. Ke5 Ra4 100.
Kf6 Ra5 101. Kg6 Kd3 102. Re3+ Kd2 103. Re4 Kd3 104. Re8 Rb5 105. Kh6 Ra5
106. Re3+ Kd2 107. Re8 1/2-1/2

[Event "World Rapid 2023"]
[Site "Samarkand UZB"]
[Date "2023.12.26"]
[EventDate "2023.12.26"]
[Round "3.42"]
[Result "0-1"]
[White "Sumiya Chinguun"]
[Black "Pouya Idani"]
[WhiteElo "2130"]
[BlackElo "2516"]
[PlyCount "44"]

1. e4 c5 2. Nc3 Nc6 3. Bb5 Nd4 4. Nf3 g6 5. Nxd4 cxd4 6. Ne2 Bg7 7. d3 Qa5+
8. c3 dxc3 9. Nxc3 Bxc3+ 10. bxc3 Qxb5 11. O-O Nf6 12. Ba3 d6 13. Rb1 Qa5
14. Bb4 Qh5 15. f3 O-O 16. c4 Bd7 17. g3 Nxe4 18. fxe4 Qg4 19. Qxg4 Bxg4
20. Rfe1 Rfd8 21. Bc3 Rd7 22. Kf2 Rc8 0-1

[Event "World Rapid 2023"]
[Site "Samarkand UZB"]
[Date "2023.12.26"]
[EventDate "2023.12.26"]
[Round "3.44"]
[Result "1-0"]
[White "Denis Makhnev"]
[Black "Daler Vakhidov"]
[WhiteElo "2504"]
[BlackElo "2110"]
[PlyCount "28"]

1. d4 Nf6 2. c4 c5 3. d5 b5 4. cxb5 a6 5. e3 g6 6. Nc3 Bg7 7. a4 O-O 8. Nf3
Bb7 9. e4 e6 10. Bc4 axb5 11. Bxb5 exd5 12. exd5 Re8+ 13. Be3 Ng4 14. O-O
1-0

[Event "World Rapid 2023"]
[Site "Samarkand UZB"]
[Date "2023.12.26"]
[EventDate "2023.12.26"]
[Round "3.45"]
[Result "0-1"]
[White "David Akhmedov"]
[Black "Alexander Riazantsev"]
[WhiteElo "2099"]
[BlackElo "2570"]
[PlyCount "66"]

1. e4 c5 2. Nf3 e6 3. d3 Nc6 4. g3 d5 5. Nbd2 Bd6 6. Bg2 Nge7 7. O-O O-O 8.
Nh4 f6 9. f4 Bd7 10. c3 b5 11. a4 bxa4 12. Rxa4 Rb8 13. Ra1 a5 14. Kh1 Kh8
15. Nhf3 Be8 16. Re1 Bh5 17. Qa4 Qc7 18. Nf1 Nc8 19. Qc2 Nb6 20. Bd2 Rfd8
21. exd5 exd5 22. Nh4 Bf8 23. Ne3 d4 24. Nc4 Nxc4 25. dxc4 d3 26. Qc1 Bf7
27. Ra4 Qd7 28. Qa1 Re8 29. Rxe8 Rxe8 30. b3 Rb8 31. Qd1 Be6 32. Be4 Bg4
33. Bf3 0-1

[Event "World Rapid 2023"]
[Site "Samarkand UZB"]
[Date "2023.12.26"]
[EventDate "2023.12.26"]
[Round "3.46"]
[Result "1-0"]
[White "Vugar Asadli"]
[Black "Sergey Sklokin"]
[WhiteElo "2499"]
[BlackElo "1946"]
[PlyCount "60"]

1. e4 c6 2. Nf3 d5 3. e5 Bf5 4. Nh4 Bd7 5. d4 c5 6. c3 Nc6 7. Be2 e6 8. Nf3
h6 9. O-O g6 10. Be3 Bg7 11. Nbd2 Nge7 12. Nb3 cxd4 13. cxd4 b6 14. Qd2 Nf5
15. Bd3 Nxe3 16. fxe3 O-O 17. Nc1 Qe7 18. Ne2 Nb4 19. Bb1 Rac8 20. a3 Nc6
21. b4 a5 22. b5 Na7 23. a4 Rc7 24. h4 Qb4 25. Qd1 h5 26. Ng5 Bh6 27. Bd3
Bxg5 28. hxg5 Nc8 29. Nf4 Qe7 30. Nh3 1-0

[Event "World Rapid 2023"]
[Site "Samarkand UZB"]
[Date "2023.12.26"]
[EventDate "2023.12.26"]
[Round "3.47"]
[Result "0-1"]
[White "Danis Kuandykuly"]
[Black "Liam Vrolijk"]
[WhiteElo "1755"]
[BlackElo "2498"]
[PlyCount "44"]

1. e4 e5 2. Nf3 Nc6 3. Bb5 a6 4. Ba4 Nf6 5. O-O b5 6. Bb3 Bc5 7. d3 d6 8.
c3 h6 9. h3 O-O 10. Re1 Bb6 11. Nbd2 Ne7 12. Nf1 Ng6 13. Ng3 Re8 14. d4
exd4 15. cxd4 c5 16. dxc5 dxc5 17. Qxd8 Rxd8 18. Be3 Bb7 19. Rad1 Ba5 20.
Rf1 c4 21. Bc2 Bc7 22. Nd4 Bxg3 0-1

[Event "World Rapid 2023"]
[Site "Samarkand UZB"]
[Date "2023.12.26"]
[EventDate "2023.12.26"]
[Round "3.49"]
[Result "0-1"]
[White "Mamikon Gharibyan"]
[Black "Surya Shekhar Ganguly"]
[WhiteElo "2382"]
[BlackElo "2646"]
[PlyCount "116"]

1. e4 e5 2. Nf3 Nc6 3. Bb5 a6 4. Ba4 Nf6 5. d3 b5 6. Bb3 Bc5 7. a4 Rb8 8.
c3 d6 9. axb5 axb5 10. O-O O-O 11. Bg5 h6 12. Bh4 g5 13. Bg3 Qe7 14. d4 Bb6
15. Re1 Bg4 16. Bd5 Na5 17. dxe5 dxe5 18. Bxe5 Rbd8 19. Bd4 c5 20. Bxf6
Qxf6 21. Nbd2 c4 22. Qc2 Rfe8 23. e5 Bxf2+ 24. Kxf2 Qb6+ 25. Kg3 Rxd5 26.
Ne4 Bf5 27. Nf6+ Qxf6 28. exf6 Rxe1 29. Qf2 Rxa1 30. Qb6 Kh7 31. Qb8 Kg6
32. Qh8 Be6 33. Qg7+ Kh5 34. h4 Rf1 35. hxg5 Rxf3+ 36. Kxf3 Rxg5 37. Qh7
Nc6 38. Kf4 Ne5 39. Qb1 Nd3+ 40. Ke3 Kg6 41. b4 Kxf6 42. Qg1 Rg3+ 43. Kd4
Rg4+ 44. Ke3 Bd5 45. Qh2 Kg7 46. Qb8 Re4+ 47. Kd2 Nf4 48. Kd1 Nxg2 49. Qxb5
Re1+ 50. Kd2 Bf3 51. Qb8 Re2+ 52. Kc1 Be4 53. b5 Ne1 54. Kd1 Bf3 55. Qg3+
Kh7 56. Kc1 Nd3+ 57. Kb1 Be4 58. Qg4 Ne5+ 0-1

[Event "World Rapid 2023"]
[Site "Samarkand UZB"]
[Date "2023.12.26"]
[EventDate "2023.12.26"]
[Round "3.50"]
[Result "0-1"]
[White "Grzegorz Nasuta"]
[Black "B Adhiban"]
[WhiteElo "2402"]
[BlackElo "2538"]
[PlyCount "84"]

1. e4 c5 2. Nf3 d6 3. d4 cxd4 4. Nxd4 Nf6 5. Nc3 a6 6. f3 e6 7. Be3 h5 8.
Qd2 b5 9. a3 Nbd7 10. O-O-O Bb7 11. Kb1 Rc8 12. Be2 Be7 13. Rhg1 Ne5 14.
Rge1 O-O 15. h3 h4 16. Bg5 Ng6 17. Bd3 Nh5 18. Be3 Ne5 19. f4 Nc4 20. Bxc4
Rxc4 21. Bf2 Qa8 22. f5 e5 23. Nf3 Bxe4 24. Rxe4 Rxe4 25. Nd5 Bd8 26. Qd3
Rc4 27. b3 Nf4 28. Nxf4 Rxf4 29. Qxd6 Bf6 30. Bb6 Rxf5 31. Qd2 Qc6 32. Ba5
e4 33. Nd4 Bxd4 34. Qxd4 Re8 35. Re1 e3 36. Rxe3 Rxe3 37. Qxe3 Qxg2 38. Bc3
Kh7 39. Kb2 f6 40. Qd3 Qd5 41. Qe2 Rf3 42. Qe7 Qf5 0-1

[Event "World Rapid 2023"]
[Site "Samarkand UZB"]
[Date "2023.12.26"]
[EventDate "2023.12.26"]
[Round "3.51"]
[Result "1-0"]
[White "Aydin Suleymanli"]
[Black "Venkataraman Karthik"]
[WhiteElo "2517"]
[BlackElo "2426"]
[PlyCount "68"]

1. e4 c6 2. d4 d5 3. exd5 cxd5 4. Bd3 Nf6 5. c3 Bg4 6. Qb3 Qc7 7. h3 Bd7 8.
Ne2 Nc6 9. Bf4 Qc8 10. Nd2 g6 11. Bg5 Be6 12. Nf4 Qd7 13. Nf3 a6 14. O-O
Bg7 15. Nxe6 fxe6 16. Rae1 O-O 17. Re3 Ne8 18. Rfe1 Nc7 19. Nh2 e5 20. dxe5
Ne6 21. Bh4 Bh6 22. Rf3 Bf4 23. Bg3 Rad8 24. Qd1 Qc7 25. Bxf4 Nxf4 26. Ng4
h5 27. Qd2 Nxd3 28. Qxd3 hxg4 29. Qxg6+ Kh8 30. Qh5+ Kg7 31. Qxg4+ Kh6 32.
Qh4+ Kg6 33. Rg3+ Kf7 34. e6+ 1-0

[Event "World Rapid 2023"]
[Site "Samarkand UZB"]
[Date "2023.12.26"]
[EventDate "2023.12.26"]
[Round "3.52"]
[Result "0-1"]
[White "Emin Ohanyan"]
[Black "Nikita Petrov"]
[WhiteElo "2302"]
[BlackElo "2509"]
[PlyCount "90"]

1. d4 Nf6 2. c4 c6 3. Nc3 d5 4. Nf3 dxc4 5. a4 Bf5 6. Ne5 Nbd7 7. Nxc4 Nb6
8. Ne5 a5 9. e3 Nbd7 10. Nc4 Qc7 11. f4 e6 12. Be2 h6 13. O-O Bb4 14. Bf3
O-O 15. Qe2 Bh7 16. e4 Rad8 17. g4 Nb6 18. Nxb6 Qxb6 19. g5 hxg5 20. fxg5
Nd7 21. Be3 e5 22. d5 Bc5 23. Bxc5 Qxc5+ 24. Kh1 Nb6 25. Rad1 Qb4 26. Bg2
Nxa4 27. Rd3 Qxb2 28. Qh5 Qxc3 29. Rxc3 Nxc3 30. Rf3 Nxe4 31. Kg1 Bg6 32.
Qg4 Nd6 33. dxc6 bxc6 34. h4 Be4 35. Rf2 Bxg2 36. Kxg2 g6 37. h5 Nf5 38.
Qe4 Rd4 39. Qxe5 Rg4+ 40. Kf3 Rxg5 41. Kf4 Rxh5 42. Qxa5 Re8 43. Qa2 Rh4+
44. Kg5 Re6 45. Rd2 f6+ 0-1

[Event "World Rapid 2023"]
[Site "Samarkand UZB"]
[Date "2023.12.26"]
[EventDate "2023.12.26"]
[Round "3.53"]
[Result "1-0"]
[White "Mikhail Bryakin"]
[Black "Sinisa Drazic"]
[WhiteElo "2508"]
[BlackElo "2412"]
[PlyCount "84"]

1. d4 d6 2. Nf3 Bg4 3. e4 Nf6 4. h3 Bh5 5. Nc3 e6 6. g4 Bg6 7. Qe2 a6 8.
Bg2 Nfd7 9. a4 Be7 10. Be3 a5 11. O-O-O Na6 12. h4 h5 13. g5 Nb4 14. Nd2 d5
15. f4 Nb6 16. Rhf1 Qd7 17. b3 dxe4 18. Bxe4 N6d5 19. Nxd5 Nxd5 20. Kb2 Bb4
21. Bxd5 Qxd5 22. c4 Qf5 23. Nf3 Qe4 24. Ne5 Bf5 25. d5 Bd6 26. Qf2 O-O 27.
Rd4 exd5 28. Rxe4 dxe4 29. Bc5 Rfd8 30. Re1 b6 31. Bxd6 Rxd6 32. c5 Rd5 33.
cxb6 cxb6 34. Nc4 Rad8 35. Qxb6 g6 36. Re2 Rd3 37. Re3 R8d5 38. Rxd3 exd3
39. Kc1 Be6 40. Kd2 Kg7 41. Ne5 Bf5 42. Qf6+ 1-0

[Event "World Rapid 2023"]
[Site "Samarkand UZB"]
[Date "2023.12.26"]
[EventDate "2023.12.26"]
[Round "3.54"]
[Result "0-1"]
[White "Kanan Garayev"]
[Black "Denis Khismatullin"]
[WhiteElo "2280"]
[BlackElo "2507"]
[PlyCount "52"]

1. d4 Nf6 2. c4 e6 3. g3 c5 4. Nf3 a6 5. Bg2 b5 6. b3 Bb7 7. d5 exd5 8. Nh4
Qc7 9. Bf4 d6 10. cxd5 g6 11. e4 Bg7 12. Nd2 O-O 13. O-O Re8 14. Rc1 Nbd7
15. g4 Ne5 16. g5 Nh5 17. Be3 Nd3 18. Rc2 Nhf4 19. Qg4 Bc8 20. Qf3 Be5 21.
Bxf4 Nxf4 22. Qe3 Qd7 23. Ndf3 Qg4 24. Kh1 Bg7 25. Re1 Nxd5 26. Qd2 Nf4 0-1

[Event "World Rapid 2023"]
[Site "Samarkand UZB"]
[Date "2023.12.26"]
[EventDate "2023.12.26"]
[Round "3.55"]
[Result "1-0"]
[White "Chongsheng Zeng"]
[Black "Mittal Aditya"]
[WhiteElo "2501"]
[BlackElo "2381"]
[PlyCount "110"]

1. d4 Nf6 2. c4 e6 3. g3 d5 4. Nf3 Bb4+ 5. Bd2 Be7 6. Bg2 O-O 7. O-O c6 8.
Qc2 Nbd7 9. Bf4 a5 10. Rd1 a4 11. a3 Ne4 12. Ne5 g5 13. Be3 Nd6 14. Nxd7
Bxd7 15. c5 Nc4 16. Bc1 e5 17. dxe5 Bxc5 18. Nc3 b5 19. e4 d4 20. Ne2 Bg4
21. h3 Bxe2 22. Qxe2 Nxe5 23. Qh5 f6 24. f4 Ng6 25. Bd2 Bd6 26. Rf1 gxf4
27. gxf4 Kh8 28. Rac1 Rc8 29. Kh1 c5 30. e5 fxe5 31. Be4 Qh4 32. Bxg6 Qxh5
33. Bxh5 e4 34. f5 e3 35. Be1 Rf6 36. Bg4 Rh6 37. Kg2 Rd8 38. Kf3 Kg7 39.
Ba5 Rb8 40. Rg1 Kf7 41. Ke4 Re8+ 42. Kd3 e2 43. Bd2 c4+ 44. Kxd4 Be5+ 45.
Kc5 Rc8+ 46. Kxb5 Rb8+ 47. Kxc4 Rd6 48. Bb4 Rd4+ 49. Kc5 Rc8+ 50. Kb5 Rb8+
51. Kxa4 Re4 52. Rge1 Bxb2 53. Rc7+ Kf6 54. Rxe2 Ra8+ 55. Kb3 1-0

[Event "World Rapid 2023"]
[Site "Samarkand UZB"]
[Date "2023.12.26"]
[EventDate "2023.12.26"]
[Round "3.56"]
[Result "0-1"]
[White "Mustafokhuja Khusenkhojaev"]
[Black "Rinat Jumabayev"]
[WhiteElo "2161"]
[BlackElo "2531"]
[PlyCount "66"]

1. d4 Nf6 2. c4 e6 3. g3 c5 4. d5 exd5 5. cxd5 d6 6. Nc3 g6 7. Bg2 Bg7 8.
Nf3 O-O 9. O-O Re8 10. Bf4 Ne4 11. Nxe4 Rxe4 12. Nd2 Rxf4 13. gxf4 Bxb2 14.
Rb1 Bg7 15. e4 Qh4 16. Qf3 Bh6 17. Qg3 Qxf4 18. Nc4 Nd7 19. Nxd6 Ne5 20.
Nxc8 Rxc8 21. Rxb7 c4 22. d6 Rd8 23. Rd1 Qf6 24. Qc3 Rxd6 25. Rd5 Bf4 26.
Rb8+ Kg7 27. Re8 Bxh2+ 28. Kf1 Rb6 29. Rexe5 Re6 30. Qxc4 Bxe5 31. Rd7 Rb6
32. Rd2 Qf4 33. Qd3 Rd6 0-1

[Event "World Rapid 2023"]
[Site "Samarkand UZB"]
[Date "2023.12.26"]
[EventDate "2023.12.26"]
[Round "3.57"]
[Result "1-0"]
[White "Anton Smirnov"]
[Black "Eldiar Orozbaev"]
[WhiteElo "2486"]
[BlackElo "2294"]
[PlyCount "64"]

1. e4 e6 2. d4 d5 3. exd5 exd5 4. Qf3 Nf6 5. h3 c5 6. dxc5 Bxc5 7. Bd3 Nc6
8. Ne2 Ne5 9. Qg3 Qa5+ 10. Nd2 Nxd3+ 11. Qxd3 Bd7 12. Nc3 O-O-O 13. Nb3
Rhe8+ 14. Be3 Qb4 15. a3 Qh4 16. Nxc5 Rxe3+ 17. Qxe3 Re8 18. N5e4 Nxe4 19.
O-O Nxc3 20. Qxc3+ Bc6 21. Qxg7 Qd8 22. Rfe1 Rg8 23. Qd4 h5 24. Re3 h4 25.
Rae1 f5 26. f4 Kb8 27. Re7 a6 28. R1e6 Rg3 29. Qe5+ Ka7 30. Rxc6 Qg8 31.
Rxb7+ Ka8 32. Ra7+ 1-0

[Event "World Rapid 2023"]
[Site "Samarkand UZB"]
[Date "2023.12.26"]
[EventDate "2023.12.26"]
[Round "3.58"]
[Result "0-1"]
[White "Elham Amar"]
[Black "Mergen Kakabayev"]
[WhiteElo "2475"]
[BlackElo "2257"]
[PlyCount "72"]

1. e4 e6 2. d4 d5 3. e5 c5 4. c3 Qb6 5. Nf3 Nc6 6. a3 Bd7 7. b4 cxd4 8.
cxd4 Rc8 9. Bb2 Nge7 10. Nc3 Na5 11. Na4 Qc6 12. Nc5 Nc4 13. Bxc4 dxc4 14.
Rc1 b6 15. Nxd7 Qxd7 16. Nd2 b5 17. Ne4 Nd5 18. O-O Be7 19. Qf3 O-O 20. Rc2
Ra8 21. Bc1 a5 22. Qg4 Kh8 23. Bg5 axb4 24. axb4 Bxg5 25. Nxg5 h6 26. Qh5
Ra3 27. Ne4 Nxb4 28. Rd2 c3 29. Nf6 Qd8 30. Re2 c2 31. Re4 Rc3 32. Rc1 Nd3
33. Rxc2 Rxc2 34. h3 Rxf2 35. Qd1 Nxe5 36. Nh5 Rf5 0-1

[Event "World Rapid 2023"]
[Site "Samarkand UZB"]
[Date "2023.12.26"]
[EventDate "2023.12.26"]
[Round "3.59"]
[Result "1/2-1/2"]
[White "Stepan Zilka"]
[Black "Bakhrom Bakhrillaev"]
[WhiteElo "2474"]
[BlackElo "2196"]
[PlyCount "58"]

1. e4 e5 2. Nf3 Nc6 3. Bb5 a6 4. Ba4 Nf6 5. O-O d6 6. Re1 Bd7 7. c3 g6 8.
d4 Bg7 9. Nbd2 O-O 10. Nf1 exd4 11. cxd4 b5 12. Bc2 Bg4 13. Be3 Nd7 14. Rc1
Rc8 15. Qd2 Bxf3 16. gxf3 Qf6 17. Rcd1 Qxf3 18. Ng3 h5 19. Qe2 Qxe2 20.
Nxe2 Rfe8 21. f3 Nb4 22. Bb1 c5 23. dxc5 Nxc5 24. a3 Nc6 25. Rxd6 Ne5 26.
Kg2 Nc4 27. Bxc5 Rxc5 28. Rxa6 Bxb2 29. Ba2 1/2-1/2

[Event "World Rapid 2023"]
[Site "Samarkand UZB"]
[Date "2023.12.26"]
[EventDate "2023.12.26"]
[Round "3.60"]
[Result "0-1"]
[White "Almas Rakhmatullaev"]
[Black "Mahammad Muradli"]
[WhiteElo "2251"]
[BlackElo "2447"]
[PlyCount "178"]

1. e4 c5 2. Nf3 d6 3. d4 cxd4 4. Qxd4 a6 5. Be2 Nc6 6. Qe3 g6 7. O-O Bg4 8.
h3 Bxf3 9. Bxf3 Bg7 10. Rd1 Qa5 11. Bd2 Qc7 12. Bc3 Nf6 13. Bxf6 Bxf6 14.
c3 O-O 15. Nd2 b5 16. Rac1 Rac8 17. Be2 Qb7 18. a3 Rfd8 19. Nb3 a5 20. Qd3
Rb8 21. Nd4 Nxd4 22. cxd4 b4 23. a4 Rdc8 24. b3 Rc3 25. Rxc3 bxc3 26. Qxc3
Qxb3 27. Qxa5 Qc2 28. Bf3 Rb2 29. e5 Qxf2+ 30. Kh1 dxe5 31. dxe5 Bg5 32. e6
f5 33. Qd8+ Kg7 34. Qe8 Bf6 35. a5 Ra2 36. Qf7+ Kh6 37. Qf8+ Kg5 38. Qd8
Ra3 39. Bb7 Kh5 40. Qb6 Qc2 41. Rf1 Kh6 42. a6 Be5 43. Qg1 Qb2 44. Rb1 Qa2
45. Re1 Bd6 46. Rd1 Bf4 47. Bd5 Qc2 48. Bb7 Bb8 49. Rc1 Qb2 50. Rb1 Qa2 51.
Qc1+ Kg7 52. Qg1 Qxe6 53. Re1 Qd6 54. Rd1 Qf4 55. Re1 Qb4 56. Rb1 Qd2 57.
Bf3 Bd6 58. a7 Qa2 59. Qd4+ Kh6 60. Qh4+ Kg7 61. Qd4+ Kh6 62. Re1 Rxa7 63.
Qh4+ Kg7 64. Qd4+ Kh6 65. Qh4+ Kg7 66. Qd4+ Kf8 67. Bd5 e5 68. Qb6 Qa3 69.
Rd1 Kg7 70. Bc4 Be7 71. Qe6 Bf6 72. Qg8+ Kh6 73. Qe8 e4 74. Qe6 Qc3 75. Be2
Be5 76. Qb6 Qg3 77. Qg1 Ra2 78. Bf1 Bf4 79. Rb1 Be5 80. Bc4 Rd2 81. Rb3 Qf4
82. g3 Qf2 83. Qxf2 Rxf2 84. Kg1 Bd4 85. Kh1 Rc2 86. Bg8 e3 87. Rb7 e2 88.
Rxh7+ Kg5 89. Re7 Rc1+ 0-1

[Event "World Rapid 2023"]
[Site "Samarkand UZB"]
[Date "2023.12.26"]
[EventDate "2023.12.26"]
[Round "3.61"]
[Result "0-1"]
[White "Baadur Jobava"]
[Black "Asrorjon Omonov"]
[WhiteElo "2671"]
[BlackElo "2005"]
[PlyCount "174"]

1. e4 c6 2. d4 d5 3. exd5 cxd5 4. c4 Nf6 5. Nc3 Nc6 6. Nf3 a6 7. h3 g6 8.
c5 Bg7 9. Bd3 O-O 10. O-O Bf5 11. Re1 Bxd3 12. Qxd3 b6 13. cxb6 Qxb6 14. b3
Rfc8 15. Ba3 e6 16. Na4 Qa5 17. Rac1 Nd7 18. Bd6 Bh6 19. Rc3 Na7 20. Rxc8+
Rxc8 21. a3 Qb5 22. Qd1 Rc1 23. Qxc1 Bxc1 24. Rxc1 Qxb3 25. Nc3 Qb2 26. Bf4
Qxa3 27. Nxd5 exd5 28. Rc7 Qa4 29. Rxa7 f6 30. g4 g5 31. Bd2 Qb5 32. Kg2
Kf7 33. h4 h6 34. h5 Ke7 35. Ra8 Qb1 36. Rxa6 Qe4 37. Kg3 Qb1 38. Ra8 Kf7
39. Be3 Qb7 40. Ra1 Nb6 41. Nd2 Nc4 42. Nf1 Qc7+ 43. Kg2 Qd7 44. f3 f5 45.
gxf5 Qxf5 46. Ra7+ Ke8 47. Ra8+ Kd7 48. Ra7+ Kc8 49. Rg7 Nb2 50. Rg6 Qc2+
51. Kg1 Qe2 52. Rxh6 Qxf3 53. Rc6+ Kd7 54. Rc2 Nc4 55. Bxg5 Qxh5 56. Rg2
Ke6 57. Be3 Qd1 58. Bd2 Kf5 59. Bc3 Ke4 60. Rg3 Kf4 61. Kf2 Qc2+ 62. Kg1
Qe2 63. Bb4 Qd1 64. Bc3 Ke4 65. Kf2 Qc2+ 66. Kg1 Kf4 67. Be1 Qd1 68. Bf2
Kf5 69. Kg2 Ke6 70. Rg6+ Kd7 71. Rg5 Kc6 72. Rg6+ Kb7 73. Rg5 Qd3 74. Kg1
Qf3 75. Rg3 Qd1 76. Kg2 Qc2 77. Kg1 Qe4 78. Rg7+ Kc6 79. Rg3 Qc2 80. Kg2
Nd6 81. Kg1 Ne4 82. Rg6+ Kb5 83. Be3 Nc3 84. Rg2 Ne2+ 85. Kh1 Qh7+ 86. Rh2
Qe4+ 87. Rg2 Qf3 0-1

[Event "World Rapid 2023"]
[Site "Samarkand UZB"]
[Date "2023.12.26"]
[EventDate "2023.12.26"]
[Round "3.62"]
[Result "1-0"]
[White "Munkhdalai Amilal"]
[Black "Aleksandr Rakhmanov"]
[WhiteElo "2225"]
[BlackElo "2633"]
[PlyCount "124"]

1. e4 c5 2. Nf3 Nf6 3. Nc3 d5 4. exd5 Nxd5 5. Bb5+ Bd7 6. Bxd7+ Qxd7 7.
Nxd5 Qxd5 8. O-O Nc6 9. Qe2 e6 10. b3 Be7 11. Bb2 Bf6 12. Bxf6 gxf6 13. c4
Qf5 14. Rfe1 Rd8 15. Rad1 O-O 16. d3 Rd7 17. Qe4 Qg6 18. Qe3 Nb4 19. Rf1 b6
20. a3 Nc2 21. Qd2 Nd4 22. Nxd4 Rxd4 23. Rfe1 Rfd8 24. Re3 Kh8 25. Rg3 Qh5
26. Re1 f5 27. Re5 Qh4 28. Qe2 Qf6 29. h3 f4 30. Rf3 Qg6 31. Re4 Rg8 32. g3
fxg3 33. Rxg3 Qf6 34. Rxg8+ Kxg8 35. Qg4+ Kf8 36. Rxd4 cxd4 37. Qe4 Kg7 38.
b4 h5 39. Kf1 e5 40. c5 bxc5 41. bxc5 Qe6 42. Kg2 f5 43. Qb7+ Kg6 44. c6
Qd5+ 45. Kg1 e4 46. Qd7 Qe5 47. c7 e3 48. Qc6+ Kh7 49. Qd7+ Kh6 50. Qc6+
Kh7 51. c8=Q exf2+ 52. Kg2 f1=Q+ 53. Kxf1 Qf4+ 54. Ke2 Qe3+ 55. Kd1 Qxd3+
56. Kc1 Qxa3+ 57. Kc2 Qa2+ 58. Kd3 Qb3+ 59. Kxd4 Qd1+ 60. Kc5 Qc2+ 61. Kd6
Qh2+ 62. Ke7 1-0

[Event "World Rapid 2023"]
[Site "Samarkand UZB"]
[Date "2023.12.26"]
[EventDate "2023.12.26"]
[Round "3.63"]
[Result "1-0"]
[White "Bobir Sattarov"]
[Black "Giovanni Vescovi"]
[WhiteElo "2333"]
[BlackElo "2609"]
[PlyCount "66"]

1. e4 c6 2. c4 d5 3. exd5 cxd5 4. cxd5 Nf6 5. Qa4+ Nbd7 6. Nc3 g6 7. Bc4 a6
8. d3 Rb8 9. Bb3 b5 10. Qh4 Nc5 11. Bf4 Nxd3+ 12. Kf1 Nxf4 13. Qxf4 Rb6 14.
Nf3 Bg7 15. Ne5 Bb7 16. d6 O-O 17. dxe7 Qxe7 18. Re1 Qd8 19. h4 b4 20. Na4
Rb5 21. h5 Bd5 22. h6 Bh8 23. Rh3 Nd7 24. Nxd7 Qxd7 25. Rd3 Qc6 26. Rc1 Qe6
27. Nc5 Bxb3 28. Nxe6 Bxe6 29. Rcd1 Be5 30. Qh4 Rbb8 31. Rd8 f6 32. Rxf8+
Rxf8 33. Qxb4 1-0

[Event "World Rapid 2023"]
[Site "Samarkand UZB"]
[Date "2023.12.26"]
[EventDate "2023.12.26"]
[Round "3.64"]
[Result "0-1"]
[White "Alexandr Predke"]
[Black "Jamshid Mustafaev"]
[WhiteElo "2584"]
[BlackElo "2313"]
[PlyCount "90"]

1. e4 c5 2. Nf3 d6 3. Bc4 Nc6 4. O-O Nf6 5. Qe2 Bg4 6. Bb5 Nd7 7. Bxc6 bxc6
8. h3 Bh5 9. g4 Bg6 10. d3 e6 11. Bf4 h5 12. Nbd2 hxg4 13. hxg4 Nf6 14. Nh2
e5 15. Bg3 Nh7 16. f4 exf4 17. Bxf4 Ng5 18. Bg3 Be7 19. Nc4 d5 20. exd5
Qxd5 21. Qg2 Be4 22. dxe4 Qxc4 23. Rae1 Rd8 24. b3 Qe6 25. Re2 c4 26. Kh1
Qxg4 27. Bf4 Qxg2+ 28. Kxg2 Ne6 29. Be3 Rh4 30. Ref2 Bd6 31. Kg1 Rxe4 32.
Bxa7 Ra8 33. Bb6 Ra6 34. Rxf7 Rxb6 35. Ra7 Rb5 36. Ra8+ Rb8 37. Ra6 Ke7 38.
Rxc6 Rh8 39. Nf3 cxb3 40. axb3 Bc5+ 41. Rxc5 Nxc5 42. Kf2 Rf8 43. Rg1 Ne6
44. Rg3 Nd4 45. Rxg7+ Ke8 0-1

[Event "World Rapid 2023"]
[Site "Samarkand UZB"]
[Date "2023.12.26"]
[EventDate "2023.12.26"]
[Round "3.65"]
[Result "1-0"]
[White "Ediz Gurel"]
[Black "Raunak Sadhwani"]
[WhiteElo "2345"]
[BlackElo "2532"]
[PlyCount "46"]

1. e4 c5 2. Nf3 Nc6 3. d4 cxd4 4. Nxd4 e6 5. Nc3 Qc7 6. g3 a6 7. Bg2 h5 8.
h3 Nge7 9. O-O Nxd4 10. Qxd4 h4 11. Bf4 Qd8 12. Rad1 Ng6 13. Be3 hxg3 14.
fxg3 Qc7 15. Na4 Qxg3 16. Rf3 Qc7 17. Nb6 Rb8 18. Bf2 Ne5 19. Rc3 Nc6 20.
Qe3 d6 21. Bg3 Rh6 22. e5 dxe5 23. Bxe5 1-0